My favorite pets - Statistics

General Stats
  • This quiz has been taken 17 times
  • The average score is 15 of 18
Answer Stats
Picture Answer % Correct
Cat
100%
Dachshund
94%
Frog
94%
German Shepherd
94%
Goldfish
94%
Hedgehog
94%
Parrot
94%
Rabbit
94%
Siberian Husky
94%
Turtle
94%
Dalmatian
88%
Chameleon
81%
Guinea Pig
81%
Hamster
81%
Poodle
81%
Beagle
75%
Shiba Inu
44%
Parakeet
38%
No matching quizzes found
Score Distribution
Percent of People with Each Score
Percentile by Number Answered
Your Score History
You have not taken this quiz